000 00496nam a2200181 4500
001 137778
003 ES-MaACL
005 20231221192203.0
007 t|
008 070214s1971 sp r ||||1| spa d
100 1 _aSalinas, Pedro,
_d1891-1951
_9101942
245 1 0 _aTodo más claro
_b: ; y otros poemas /
_cPedro Salinas.
250 _a1ª ed.
260 _aBarcelona :
_bSinera,
_c1971.
300 _a114 p. ;
_c18 cm.
852 _aES-MaACL
_jC-40364
_bR.77149
999 _c137778
_d137778